00806nam a2200121Ia 4500008004100000020001500041050001500056245005300071260003300124300004400157505045900201650002400660120626s1994 sp a 000 0 spa d a8479052775 aAG65 bE54 aEnciclopedia del estudiante: Cuerpo humano c/  aEspaña b: Fobisa c, 1994 a259 páginas b: ilustraciones a color aI. Constitución general del cuerpo humano II. Los tejidos III. Órganos, aparatos y sus funciones IV. Sistema esquelético V. Sistema muscular VI. Aparato digestivo VII. Aparato respiratorio VIII. Aparato circulatorio sanguíneo IX. Aparato excretor X. Sistema endocrino XI. El metabolismo XII. Sistema nervioso XIII. Sistema sensorial XIV. Aparato reproductor XV. Educación sexual XVI. Valores normales fisiológicos  0aFISIOLOGÍA HUMANA